[Event "Titled Tuesday intern op 13th Feb Early"]
[Site "Chess.com INT"]
[Date "2024.02.13"]
[Round "9"]
[White "Domin, Yan"]
[Black "Guttula, Balaji"]
[Result "1-0"]
[WhiteElo "2209"]
[BlackElo "2278"]
[PlyCount "79"]
[EventDate "2024.02.13"]
[EventType "swiss (blitz)"]
[EventRounds "11"]
[EventCountry "USA"]
[SourceTitle "CB08_2024"]
[SourceDate "2024.02.21"]
[SourceVersion "1"]
[SourceVersionDate "2024.02.21"]
[SourceQuality "1"]

1. e4 c5 2. Nf3 d6 3. d4 cxd4 4. Qxd4 a6 5. Bc4 Nc6 6. Qd3 Nf6 7. Nc3 g6 8. Bb3 Bg7 9. h3 0-0 10. 0-0 Bd7 11. Bf4 Qa5 12. Qe3 Rac8 13. Bh6 Ne5 14. Nxe5 Qxe5 15. Bxg7 Kxg7 16. Rfe1 Rxc3 17. bxc3 Rc8 18. f4 Qxc3 19. Qxc3 Rxc3 20. e5 dxe5 21. fxe5 Nh5 22. e6 fxe6 23. Rad1 Bc6 24. Rxe6 Nf4 25. Rxe7+ Kh6 26. Rd2 a5 27. Bg8 Kg5 28. Re5+ Kf6 29. Rxa5 h5 30. Rf2 g5 31. h4 Kg7 32. Rxg5+ Ng6 33. Bf7 Be4 34. Re2 Kxf7 35. Rxe4 Rxc2 36. Rb4 Rc7 37. Rxh5 Rd7 38. Rh7+ Ke6 39. Rxd7 Kxd7 40. h5 1-0

[Event "Titled Tuesday intern op 13th Feb Early"]
[Site "Chess.com INT"]
[Date "2024.02.13"]
[Round "11"]
[White "Guttula, Balaji"]
[Black "Okike, David"]
[Result "0-1"]
[WhiteElo "2278"]
[BlackElo "2157"]
[PlyCount "106"]
[EventDate "2024.02.13"]
[EventType "swiss (blitz)"]
[EventRounds "11"]
[EventCountry "USA"]
[SourceTitle "CB08_2024"]
[SourceDate "2024.02.21"]
[SourceVersion "1"]
[SourceVersionDate "2024.02.21"]
[SourceQuality "1"]

1. e4 c5 2. Nf3 Nc6 3. Bb5 g6 4. 0-0 Bg7 5. Nc3 Nh6 6. d3 0-0 7. Be3 Nd4 8. Bxd4 cxd4 9. Ne2 Qb6 10. a4 d6 11. Qd2 Ng4 12. h3 Ne5 13. Nxe5 Bxe5 14. Bc4 e6 15. b4 a6 16. a5 Qa7 17. f4 Bg7 18. Kh1 Kh8 19. Qe1 Bd7 20. Qh4 f5 21. Ng3 Bf6 22. Qh6 Rae8 23. Rae1 Qa8 24. exf5 exf5 25. Rxe8 Qxe8 26. Kh2 Qe7 27. Rf2 Bg7 28. Qg5 Qxg5 29. fxg5 Re8 30. Re2 Re3 31. Rxe3 dxe3 32. Ne2 Be5+ 33. g3 Bc6 34. d4 Bg7 35. d5 Ba4 36. Bd3 h6 37. gxh6 Bxh6 38. Kg2 Kg7 39. Kf3 Kf6 40. Nd4 Ke5 41. Ne6 Kxd5 42. Nf4+ Bxf4 43. Kxf4 Kd4 44. g4 Bxc2 45. Bxc2 e2 46. Bxf5 gxf5 47. Kxf5 e1Q 48. h4 Qxh4 49. g5 Qe4+ 50. Kf6 Qf4+ 51. Kg6 Ke5 52. Kh5 Kf5 53. g6 Qg5# 0-1

[Event "Titled Tuesday intern op 06th Feb Early"]
[Site "Chess.com INT"]
[Date "2024.02.06"]
[Round "3"]
[White "De Souza, Cristiano Gomes"]
[Black "Guttula, Balaji"]
[Result "1/2-1/2"]
[WhiteElo "2018"]
[BlackElo "2278"]
[PlyCount "89"]
[EventDate "2024.02.06"]
[EventType "swiss (blitz)"]
[EventRounds "11"]
[EventCountry "USA"]
[SourceTitle "CB07_2024"]
[SourceDate "2024.02.14"]
[SourceVersion "1"]
[SourceVersionDate "2024.02.14"]
[SourceQuality "1"]

1. d4 d5 2. c4 c6 3. Nf3 Nf6 4. Nc3 dxc4 5. a4 Bg4 6. Ne5 e6 7. Nxg4 Nxg4 8. e4 Nf6 9. Bxc4 Be7 10. 0-0 0-0 11. Be3 Nbd7 12. Qe2 Qa5 13. Rfd1 Rad8 14. d5 cxd5 15. exd5 exd5 16. Nxd5 Nxd5 17. Rxd5 Qc7 18. Rad1 Nb6 19. Rxd8 Rxd8 20. Rxd8+ Qxd8 21. Bb3 Bf6 22. a5 Nc8 23. Qc4 Nd6 24. Qd5 b6 25. axb6 axb6 26. Bf4 Be7 27. Bxd6 Bxd6 28. Qxf7+ Kh8 29. g3 Bc5 30. Bd5 Qf8 31. Qxf8+ Bxf8 32. Kf1 Bc5 33. f4 g6 34. Ke2 Kg7 35. Kf3 Kf6 36. g4 h6 37. h4 Bd4 38. b3 Bc3 39. Ke4 Be1 40. g5+ Kg7 41. gxh6+ Kxh6 42. f5 gxf5+ 43. Kxf5 Bxh4 44. Ke6 Bf2 45. Kd6 1/2-1/2

[Event "Titled Tuesday intern op 06th Feb Early"]
[Site "Chess.com INT"]
[Date "2024.02.06"]
[Round "6"]
[White "Guttula, Balaji"]
[Black "Fernandez Hernandez, Gerardo"]
[Result "0-1"]
[WhiteElo "2278"]
[BlackElo "2163"]
[PlyCount "88"]
[EventDate "2024.02.06"]
[EventType "swiss (blitz)"]
[EventRounds "11"]
[EventCountry "USA"]
[SourceTitle "CB07_2024"]
[SourceDate "2024.02.14"]
[SourceVersion "1"]
[SourceVersionDate "2024.02.14"]
[SourceQuality "1"]

1. e4 e6 2. d4 d5 3. Nd2 Nc6 4. Ngf3 Nf6 5. e5 Nd7 6. Bd3 f6 7. exf6 Qxf6 8. c3 Bd6 9. 0-0 0-0 10. Nb3 e5 11. dxe5 Ndxe5 12. Nxe5 Nxe5 13. Bc2 c6 14. Nd4 Ng4 15. Nf3 Bf5 16. h3 Ne5 17. Bxf5 Qxf5 18. Nxe5 Qxe5 19. f4 Qf6 20. Kh1 Rae8 21. Bd2 Qh4 22. Qf3 Re4 23. f5 Bg3 24. Rac1 b5 25. Rcd1 Rfe8 26. f6 gxf6 27. Qxf6 Qxf6 28. Rxf6 Re2 29. Rxc6 Rxd2 30. Rf1 Re1 31. Rxe1 Bxe1 32. g4 Rxb2 33. Rd6 Bxc3 34. Rxd5 b4 35. Ra5 Bd4 36. Ra6 Bb6 37. h4 Kg7 38. Ra4 a5 39. a3 Ra2 40. h5 Rxa3 41. Rxa3 bxa3 42. g5 a2 43. h6+ Kg6 44. Kg2 a1Q 0-1

[Event "Titled Tuesday intern op 14th Nov Early"]
[Site "Chess.com INT"]
[Date "2023.11.14"]
[Round "1"]
[White "Guttula, Balaji"]
[Black "Klimchuk, Andriy"]
[Result "0-1"]
[WhiteElo "2278"]
[BlackElo "2405"]
[PlyCount "123"]
[EventDate "2023.11.14"]
[EventType "swiss (blitz)"]
[EventRounds "11"]
[EventCountry "USA"]
[SourceTitle "CB47_2023"]
[SourceDate "2023.11.22"]
[SourceVersion "1"]
[SourceVersionDate "2023.11.22"]
[SourceQuality "1"]

1. e4 c5 2. Nf3 g6 3. d4 cxd4 4. Nxd4 Nc6 5. c4 d6 6. Nc3 Nf6 7. Be3 Ng4 8. Nxc6 Nxe3 9. Nxd8 Nxd1 10. Rxd1 Kxd8 11. e5 Bg7 12. exd6 exd6 13. Rxd6+ Kc7 14. Nb5+ Kb8 15. Rd2 Bh6 16. Rd1 Bg7 17. b3 Bg4 18. f3 Be6 19. Be2 a6 20. Nd4 Bd7 21. 0-0 Kc7 22. f4 Rad8 23. Nf3 Rhe8 24. Kf2 Bg4 25. Rxd8 Rxd8 26. Rd1 Rxd1 27. Bxd1 Bf5 28. Ke3 Bb1 29. a4 h6 30. g4 Kd6 31. b4 a5 32. c5+ Kc6 33. bxa5 Kxc5 34. Ne5 f6 35. Nf3 Kb4 36. Nd4 Bf8 37. Bf3 Bc5 38. Bxb7 Kc3 39. Be4 Bxd4+ 40. Kf3 Bd3 41. h4 f5 42. Bc6 fxg4+ 43. Kxg4 Bf5+ 44. Kg3 h5 45. Bb7 Kb4 46. a6 Kxa4 47. Kf3 Kb4 48. Kg3 Kc3 49. Kf3 Kd2 50. Bd5 Bg4+ 51. Kg3 Ke3 52. Bf7 Bf5 53. Be8 Ba7 54. Bc6 Bb8 55. Kg2 Kxf4 56. Bf3 Be4 57. Bxe4 Kxe4 58. Kh3 Kf5 59. Kg2 Kg4 60. Kf2 Kxh4 61. Ke3 Kg4 62. Kd4 0-1

[Event "Titled Tuesday intern op 14th Nov Early"]
[Site "Chess.com INT"]
[Date "2023.11.14"]
[Round "10"]
[White "Guttula, Balaji"]
[Black "Krivonosov, Oleg"]
[Result "1/2-1/2"]
[WhiteElo "2278"]
[BlackElo "2350"]
[PlyCount "104"]
[EventDate "2023.11.14"]
[EventType "swiss (blitz)"]
[EventRounds "11"]
[EventCountry "USA"]
[SourceTitle "CB47_2023"]
[SourceDate "2023.11.22"]
[SourceVersion "1"]
[SourceVersionDate "2023.11.22"]
[SourceQuality "1"]

1. e4 e5 2. Nf3 Nc6 3. Bc4 Bc5 4. c3 Nf6 5. d4 exd4 6. cxd4 Bb4+ 7. Bd2 Nxe4 8. Bxb4 Nxb4 9. Bxf7+ Kxf7 10. Qb3+ Kf8 11. Qxb4+ Qe7 12. Qxe7+ Kxe7 13. 0-0 Kd8 14. Nc3 Nxc3 15. bxc3 d6 16. Rfe1 h6 17. Re3 Bd7 18. Rae1 Re8 19. d5 Rxe3 20. Rxe3 c6 21. dxc6 bxc6 22. h4 Rb8 23. Nd4 Rb1+ 24. Kh2 Rb2 25. Re2 Rxe2 26. Nxe2 c5 27. Kg3 Ke7 28. Kf4 Kf6 29. f3 g5+ 30. hxg5+ hxg5+ 31. Ke3 d5 32. f4 Be6 33. fxg5+ Kxg5 34. a3 Kg4 35. Nf4 d4+ 36. cxd4 cxd4+ 37. Kxd4 Kxf4 38. Kc3 Kg3 39. Kb2 Kxg2 40. a4 Kf3 41. a5 a6 42. Ka1 Ke4 43. Kb1 Kd3 44. Ka1 Kc4 45. Kb1 Kb5 46. Ka1 Kxa5 47. Kb1 Kb4 48. Ka1 Kb3 49. Kb1 a5 50. Ka1 a4 51. Kb1 a3 52. Ka1 a2 1/2-1/2

[Event "Titled Tuesday intern op 12th Sep Early"]
[Site "Chess.com INT"]
[Date "2023.09.12"]
[Round "1"]
[White "Guttula, Balaji"]
[Black "Tabatabaei, Mohammad Amin"]
[Result "0-1"]
[WhiteElo "2278"]
[BlackElo "2685"]
[PlyCount "168"]
[EventDate "2023.09.12"]
[EventType "swiss (blitz)"]
[EventRounds "11"]
[EventCountry "USA"]
[SourceTitle "EXT 2024"]
[Source "ChessBase"]
[SourceDate "2023.10.10"]
[SourceVersion "1"]
[SourceVersionDate "2023.10.10"]
[SourceQuality "1"]

1. e4 c6 2. d4 d5 3. Nc3 dxe4 4. Nxe4 Nf6 5. Nxf6+ exf6 6. c3 Bd6 7. Bd3 0-0 8. Ne2 Re8 9. 0-0 Qc7 10. Ng3 Nd7 11. c4 Nf8 12. b3 Ng6 13. Re1 Be6 14. Bb2 Rad8 15. Qc2 Kh8 16. Bf5 Nf4 17. Bxe6 fxe6 18. Rad1 Qf7 19. Bc1 Ng6 20. Re2 Bc7 21. Bb2 Nf4 22. Ree1 h5 23. Bc1 h4 24. Bxf4 Bxf4 25. Nf1 Qh5 26. Rd3 Qf5 27. Qe2 e5 28. Rh3 g5 29. Qh5+ Kg7 30. dxe5 Bxe5 31. Rhe3 Re7 32. Qe2 Red7 33. Rf3 Qg6 34. h3 Rd3 35. Re3 Qf5 36. Rxd3 Qxd3 37. Qg4 Qd4 38. Qh5 Rh8 39. Qf3 Rd8 40. Ne3 Qf4 41. Nf5+ Kg6 42. Qxf4 Bxf4 43. Ne3 Rd2 44. Ng4 Rxa2 45. Kf1 Kf7 46. Rd1 Ke6 47. Re1+ Be5 48. Rd1 Rb2 49. Rd8 Rxb3 50. Re8+ Kf7 51. Ra8 Ra3 52. Rd8 Ke7 53. Rh8 Rb3 54. Rh7+ Ke6 55. Ne3 a5 56. Rh8 a4 57. Ra8 a3 58. Ke2 b5 59. cxb5 cxb5 60. Kf3 b4 61. Ke4 Rb1 62. Ra7 Kd6 63. Nc4+ Kc5 64. Ne3 Kb6 65. Ra8 Re1 66. Kd5 Kb7 67. Ra4 b3 68. Rxa3 b2 69. Rb3+ Kc7 70. Nc4 b1Q 71. Rxb1 Rxb1 72. Nxe5 fxe5 73. Kxe5 Rb2 74. Kf5 Rxf2+ 75. Kxg5 Rxg2+ 76. Kxh4 Kd6 77. Kh5 Ke5 78. h4 Kf6 79. Kh6 Kf7 80. h5 Ra2 81. Kh7 Ra7 82. h6 Kf6+ 83. Kg8 Kg6 84. h7 Ra8# 0-1

[Event "Titled Tuesday intern op 12th Sep Early"]
[Site "Chess.com INT"]
[Date "2023.09.12"]
[Round "7"]
[White "Luxama, Jacques Muller"]
[Black "Guttula, Balaji"]
[Result "0-1"]
[WhiteElo "1933"]
[BlackElo "2278"]
[PlyCount "130"]
[EventDate "2023.09.12"]
[EventType "swiss (blitz)"]
[EventRounds "11"]
[EventCountry "USA"]
[SourceTitle "EXT 2024"]
[Source "ChessBase"]
[SourceDate "2023.10.10"]
[SourceVersion "1"]
[SourceVersionDate "2023.10.10"]
[SourceQuality "1"]

1. e4 c5 2. Nf3 g6 3. d4 cxd4 4. Nxd4 Nc6 5. Nc3 Bg7 6. Be3 Nf6 7. f3 0-0 8. Bc4 d6 9. Qd2 Bd7 10. Bb3 Ne5 11. 0-0-0 Qa5 12. Kb1 Rfc8 13. h4 b5 14. Nd5 Qxd2 15. Rxd2 Nxd5 16. Bxd5 Nc4 17. Bxc4 Rxc4 18. b3 Rc7 19. Rhd1 a6 20. Ne2 Rac8 21. Bd4 Bh6 22. f4 Bg4 23. g3 Bg7 24. Bxg7 Kxg7 25. Rg1 Bxe2 26. Rxe2 Rc3 27. e5 dxe5 28. Rxe5 e6 29. Re2 Rd8 30. Kb2 Rf3 31. h5 Rd5 32. hxg6 hxg6 33. Rgg2 Rh5 34. Re1 Rh3 35. Reg1 Kf6 36. Ka3 a5 37. Re1 Rhxg3 38. Rxg3 Rxg3 39. Re5 b4+ 40. Ka4 Rc3 41. Rxa5 Rxc2 42. Kxb4 Rf2 43. Rc5 Rxa2 44. Kc4 Rf2 45. b4 Rxf4+ 46. Kc3 Rf3+ 47. Kc4 Rf1 48. b5 Rb1 49. Rc8 g5 50. Rg8 Kf5 51. Kc5 g4 52. b6 Kf4 53. Kc6 f5 54. b7 e5 55. b8Q Rxb8 56. Rxb8 g3 57. Kd5 e4 58. Kd4 e3 59. Rg8 e2 60. Re8 Kf3 61. Kd3 g2 62. Re3+ Kf4 63. Kxe2 g1Q 64. Rf3+ Ke4 65. Rf2 Qg4+ 0-1

[Event "IND Railways-ch"]
[Site "Chennai"]
[Date "2006.07.30"]
[Round "7"]
[White "Guttula, Balaji"]
[Black "Shashikant, Kutwal"]
[Result "1-0"]
[WhiteElo "2303"]
[BlackElo "2297"]
[PlyCount "71"]
[EventDate "2006.07.27"]
[EventType "tourn"]
[EventRounds "9"]
[EventCountry "IND"]
[SourceTitle "EXT 2010"]
[Source "ChessBase"]
[SourceDate "2010.11.25"]
[SourceVersion "1"]
[SourceVersionDate "2010.11.25"]
[SourceQuality "1"]

1. e4 c5 2. Nc3 Nc6 3. Bb5 Nd4 4. Bc4 g6 5. Nf3 Bg7 6. d3 d6 7. Nxd4 cxd4 8. Ne2 e6 9. 0-0 Ne7 10. f4 0-0 11. Qe1 Nc6 12. Kh1 Na5 13. Bd2 Nxc4 14. dxc4 b6 15. c3 Bb7 16. Nxd4 e5 17. Nf3 f5 18. exf5 gxf5 19. Qg3 Kh8 20. Rae1 e4 21. Nd4 Qe7 22. Be3 Ba6 23. b3 Rac8 24. Rg1 Qf7 25. Rd1 d5 26. cxd5 Qxd5 27. c4 Qf7 28. Rd2 Rcd8 29. Rgd1 Qh5 30. Ne2 Rd3 31. Qf2 Rfd8 32. h3 Bb7 33. Kh2 Bf6 34. Nc1 Qxd1 35. Nxd3 Qc1 36. Nxc1 1-0

[Event "Commonwealth-ch"]
[Site "Mumbai"]
[Date "2004.01.17"]
[Round "8"]
[White "Guttula, Balaji"]
[Black "Konguvel, Ponnuswamy"]
[Result "1/2-1/2"]
[WhiteElo "2266"]
[BlackElo "2366"]
[PlyCount "109"]
[EventDate "2004.01.10"]
[EventType "swiss"]
[EventRounds "9"]
[EventCountry "IND"]
[SourceTitle "EXT 2006"]
[Source "ChessBase"]
[SourceDate "2005.11.24"]
[SourceVersion "1"]
[SourceVersionDate "2005.11.24"]
[SourceQuality "1"]

1. e4 c5 2. Nc3 d6 3. f4 Nc6 4. Nf3 g6 5. Bc4 Bg7 6. 0-0 e6 7. d3 Nge7 8. Qe1 0-0 9. f5 d5 10. Bb3 dxe4 11. dxe4 exf5 12. Qh4 fxe4 13. Ng5 h6 14. Nxf7 Qd4+ 15. Kh1 c4 16. Nxh6+ Bxh6 17. Bxh6 Rxf1+ 18. Rxf1 Nf5 19. Qg5 Kh7 20. Rd1 Qxd1+ 21. Nxd1 cxb3 22. axb3 Nxh6 23. Nc3 Bf5 24. Nd5 Rd8 25. c4 Rf8 26. h3 Ng8 27. Kg1 Re8 28. h4 Ne5 29. h5 Kg7 30. Qf4 Nf6 31. h6+ Kf7 32. Ne3 Ke6 33. Qh4 Neg4 34. Nd5 Nxd5 35. cxd5+ Kd6 36. h7 Rc8 37. Qe1 Nf6 38. Qb4+ Kxd5 39. Qc4+ Rxc4 40. bxc4+ Kxc4 41. h8Q Nd5 42. Qe5 Kc5 43. b4+ Kc6 44. Qd4 b6 45. Kf2 e3+ 46. Ke1 a5 47. bxa5 bxa5 48. Qc4+ Kd6 49. Qa6+ Ke5 50. Qxa5 Be4 51. g3 Kd4 52. Qa4+ Kd3 53. Qb3+ Kd4 54. Qa4+ Kd3 55. Qb5+ 1/2-1/2